Historia de la ciencia: 1543-2001
Uloženo v:
| Hlavní autor: | |
|---|---|
| Médium: | Kniha |
| Jazyk: | španělština |
| Vydáno: |
Barcelona
Crítica
2003
|
| Vydání: | 1a. ed |
| Témata: | |
| Tagy: |
Přidat tag
Žádné tagy, Buďte první, kdo vytvoří štítek k tomuto záznamu!
|
MARC
| LEADER | 00000nam a2200000 a 4500 | ||
|---|---|---|---|
| 001 | UCK7857 | ||
| 003 | CL-VaPUC | ||
| 008 | 051230e20030000SP |||||||||||||||||spa|d | ||
| 020 | |a 8484326071 | ||
| 082 | 0 | 4 | |a 509 |b GRI |2 21 |
| 100 | |a Gribbin, John |e author |9 524401 | ||
| 245 | 1 | 0 | |a Historia de la ciencia: 1543-2001 |
| 250 | |a 1a. ed | ||
| 300 | |a 552 p | ||
| 942 | |c BK | ||
| 945 | |d 20051230 00:00:00 |a cmena | ||
| 260 | |a Barcelona |b Crítica |c 2003 | ||
| 650 | 0 | |a Historia de las ciencias |9 264975 | |
| 650 | 0 | |a Científicos |9 262025 | |
| 650 | 0 | |a Investigación científica |9 259857 | |
| 650 | 0 | |a Filosofía de las ciencias |9 256466 | |
| 650 | 0 | |a Teorías científicas |9 316549 | |
| 583 | |a last modification |c 20051230 00:00:00 |k Rodrigo Vera | ||
| 999 | |c 315696 |d 315694 | ||
| 952 | |0 0 |1 0 |4 0 |6 509_000000000000000_GRI_2003 |7 0 |8 A |9 389306 |a BIBCUR |b BIBCUR |d 2019-11-22 |i 4194195 |l 2 |o 509 GRI 2003 |p 4194195 |r 2025-04-22 |s 2022-04-13 |w 2019-11-22 |y BK |k FIS | ||